| 000 | 00824nam a2200253 a 4500 | ||
|---|---|---|---|
| 003 | OSt | ||
| 005 | 20130705154720.0 | ||
| 008 | 130705s1997 sz ||||| |||| 00| 0 spa d | ||
| 020 | _a92 4 320871 3 | ||
| 040 | _cBiblioteca Medicina | ||
| 041 | _aspa | ||
| 082 | _aOMS IT 871 | ||
| 110 |
_aOrganizacion Mundial de la Salud _91006 |
||
| 245 | 0 | 0 |
_aMetodos medicos de interrupcion del embarazo. _bInforme de un Grupo Cientifico de la OMS |
| 250 | _a1° ed. | ||
| 260 |
_aGinebra _bOrganizacion Mundial de la Salud _c1997 |
||
| 300 | _a119 p. | ||
| 440 | 0 | 0 |
_aInformes Tecnicos _n871 _92505 |
| 653 | _aABORTO, ESPONTANEO | ||
| 653 | _aABORTO INDUCIDO-METODOS | ||
| 653 | _aAGENTES ABORTIVOS | ||
| 942 |
_2ddc _cPH |
||
| 999 |
_c1572 _d1572 |
||
| 952 |
_pH0091 _40 _00 _bBFM _10 _oOMS IT 871 _d2013-07-05 _tEj. 1 _8NFIC _70 _cCR _2ddc _yPH _aBFM |
||